<?xml version="1.0" encoding="UTF-8"?>
<record
    xmlns:xsi="http://www.w3.org/2001/XMLSchema-instance"
    xsi:schemaLocation="http://www.loc.gov/MARC21/slim http://www.loc.gov/standards/marcxml/schema/MARC21slim.xsd"
    xmlns="http://www.loc.gov/MARC21/slim">

  <leader>01083nam a2200325 a 4500</leader>
  <controlfield tag="005">20240412115250.0</controlfield>
  <controlfield tag="008">100701t1996||||ag  f   s  sp spa  d</controlfield>
  <datafield tag="020" ind1=" " ind2=" ">
    <subfield code="a">9507245758</subfield>
  </datafield>
  <datafield tag="041" ind1=" " ind2=" ">
    <subfield code="a">spa</subfield>
  </datafield>
  <datafield tag="092" ind1=" " ind2=" ">
    <subfield code="c">302.072</subfield>
    <subfield code="l">77</subfield>
    <subfield code="s">SAB</subfield>
  </datafield>
  <datafield tag="100" ind1="1" ind2=" ">
    <subfield code="a">Sabino, Carlos A.</subfield>
    <subfield code="9">3034</subfield>
  </datafield>
  <datafield tag="245" ind1=" " ind2="3">
    <subfield code="a">El proceso de investigaci&#xF3;n /  </subfield>
    <subfield code="c">Carlos A. Sabino</subfield>
  </datafield>
  <datafield tag="250" ind1=" " ind2=" ">
    <subfield code="a">1a ed. 3a reimp.</subfield>
  </datafield>
  <datafield tag="260" ind1=" " ind2=" ">
    <subfield code="a">Buenos Aires: </subfield>
    <subfield code="b">Lumen ; Humanitas;</subfield>
    <subfield code="c">1996.</subfield>
  </datafield>
  <datafield tag="300" ind1=" " ind2=" ">
    <subfield code="a">239 p.</subfield>
  </datafield>
  <datafield tag="500" ind1=" " ind2=" ">
    <subfield code="a">Sabino, C. A. (1996). El proceso de investigaci&#xF3;n. (1a ed.). Buenos Aires : Lumen ; Humanitas.</subfield>
  </datafield>
  <datafield tag="653" ind1=" " ind2=" ">
    <subfield code="a">Conocimiento cientifico</subfield>
  </datafield>
  <datafield tag="653" ind1=" " ind2=" ">
    <subfield code="a">Conocimiento y m&#xE9;todo</subfield>
  </datafield>
  <datafield tag="653" ind1=" " ind2=" ">
    <subfield code="a">Investigaci&#xF3;n cient&#xED;fica</subfield>
  </datafield>
  <datafield tag="653" ind1=" " ind2=" ">
    <subfield code="a">Planteamiento de la investigaci&#xF3;n</subfield>
  </datafield>
  <datafield tag="653" ind1=" " ind2=" ">
    <subfield code="a">Marco te&#xF3;rico</subfield>
  </datafield>
  <datafield tag="653" ind1=" " ind2=" ">
    <subfield code="a">Dise&#xF1;o de investigaci&#xF3;n</subfield>
  </datafield>
  <datafield tag="653" ind1=" " ind2=" ">
    <subfield code="a">Muestreo</subfield>
  </datafield>
  <datafield tag="653" ind1=" " ind2=" ">
    <subfield code="a">Indicadores e indices</subfield>
  </datafield>
  <datafield tag="653" ind1=" " ind2=" ">
    <subfield code="a">Recolecci&#xF3;n de los datos</subfield>
  </datafield>
  <datafield tag="653" ind1=" " ind2=" ">
    <subfield code="a">Procesamiento de los datos</subfield>
  </datafield>
  <datafield tag="653" ind1=" " ind2=" ">
    <subfield code="a">An&#xE1;lisis y s&#xED;ntesis de los resultados</subfield>
  </datafield>
  <datafield tag="653" ind1=" " ind2=" ">
    <subfield code="a">Metodolog&#xED;a de la investigaci&#xF3;n y su ense&#xF1;anza</subfield>
  </datafield>
  <datafield tag="942" ind1=" " ind2=" ">
    <subfield code="2">ddc</subfield>
    <subfield code="c">BK</subfield>
  </datafield>
  <datafield tag="999" ind1=" " ind2=" ">
    <subfield code="c">2242</subfield>
    <subfield code="d">2242</subfield>
  </datafield>
  <datafield tag="952" ind1=" " ind2=" ">
    <subfield code="0">0</subfield>
    <subfield code="1">0</subfield>
    <subfield code="2">ddc</subfield>
    <subfield code="4">0</subfield>
    <subfield code="7">0</subfield>
    <subfield code="a">BFM</subfield>
    <subfield code="b">BFM</subfield>
    <subfield code="c">CR</subfield>
    <subfield code="d">2016-03-16</subfield>
    <subfield code="e">Donaci&#xF3;n marzo 2016</subfield>
    <subfield code="l">1</subfield>
    <subfield code="o">300.72 77 SAB</subfield>
    <subfield code="p">3636</subfield>
    <subfield code="r">2016-03-28</subfield>
    <subfield code="s">2016-03-28</subfield>
    <subfield code="t">Ej. 1</subfield>
    <subfield code="w">2016-03-16</subfield>
    <subfield code="y">BK</subfield>
    <subfield code="z">Donaci&#xF3;n marzo 2016</subfield>
  </datafield>
</record>
